Southville International School and Colleges
Your cart is empty.
  • Cart
  • Lists
    Public lists Eva Luna New books Lux_list list_1
    Your lists Log in to create your own lists
  • Log in to your account
  • Your cookies
  • Search history
Southville International School and Colleges
  • Advanced search
  • Recent comments
  • Most popular
  • Libraries

Log in to your account

Log in with GOOGLE


If you do not have an external account, but do have a local account, you can still log in:

  1. Home
  2. MARC view: Bakit baliktad magbasa ng libro ang mga Pilipino? :
Normal view MARC view ISBD view

Bakit baliktad magbasa ng libro ang mga Pilipino? : (Record no. 292308)

[ view plain ]
MARC details
000 -LEADER
fixed length control field 00668nam a2200229Ia 4500
008 - FIXED-LENGTH DATA ELEMENTS--GENERAL INFORMATION
fixed length control field 160319s9999 xx 000 0 und d
020 ## - INTERNATIONAL STANDARD BOOK NUMBER
International Standard Book Number 9719257407
050 ## - LIBRARY OF CONGRESS CALL NUMBER
Item number O58b 2002
100 ## - MAIN ENTRY--PERSONAL NAME
Personal name Ong, Bob
245 ## - TITLE STATEMENT
Title Bakit baliktad magbasa ng libro ang mga Pilipino? :
245 ## - TITLE STATEMENT
Remainder of title mga kuwentong barbero /
245 ## - TITLE STATEMENT
Statement of responsibility, etc ni Bob Ong.
260 ## - PUBLICATION, DISTRIBUTION, ETC. (IMPRINT)
Place of publication, distribution, etc Pasay City :
260 ## - PUBLICATION, DISTRIBUTION, ETC. (IMPRINT)
Name of publisher, distributor, etc Visual Print Enterprises,
260 ## - PUBLICATION, DISTRIBUTION, ETC. (IMPRINT)
Date of publication, distribution, etc 2002
300 ## - PHYSICAL DESCRIPTION
Extent 201 pages :
300 ## - PHYSICAL DESCRIPTION
Other physical details illustrations ;
300 ## - PHYSICAL DESCRIPTION
Dimensions 18 cm.
650 ## - SUBJECT ADDED ENTRY--TOPICAL TERM
Topical term or geographic name as entry element Filipinos -- Social life and customs.
650 ## - SUBJECT ADDED ENTRY--TOPICAL TERM
Topical term or geographic name as entry element National characteristics, Philippine.
650 ## - SUBJECT ADDED ENTRY--TOPICAL TERM
Topical term or geographic name as entry element Philippines -- Social life and customs.
Holdings
Withdrawn status Lost status Damaged status Home library Current library Shelving location Date acquired Total Checkouts Full call number Barcode Date last seen Price effective from Koha item type
      Stonyhurst Southville International School (Batangas) Stonyhurst Southville International School (Batangas) Filipiniana Section 03/19/2016   Fil Fic O58b 2002 US 1648 03/19/2016 03/19/2016 Books

Bakit baliktad magbasa ng libro ang mga Pilipino? :

APA

Ong B., .Bakit baliktad magbasa ng libro ang mga Pilipino?. Pasay City: .

Chicago

Ong Bob, .Bakit baliktad magbasa ng libro ang mga Pilipino?. Pasay City: .

Harvard

Ong B., .Bakit baliktad magbasa ng libro ang mga Pilipino?. Pasay City: .

MLA

Ong Bob, .Pasay City: . .

  • Place hold
  • Print
  • Cite
  • Add to your cart (remove)
  • Save record
    BIBTEX Dublin Core MARCXML MARC (non-Unicode/MARC-8) MARC (Unicode/UTF-8) MARC (Unicode/UTF-8, Standard) MODS (XML) RIS
  • More searches
    Search for this title in:
    Other Libraries (WorldCat) Other Databases (Google Scholar) Online Stores (Bookfinder.com) Open Library (openlibrary.org)

Exporting to Dublin Core...

SOUTHVILLE LIBRARY

Southville International School and Colleges Library

1281 Tropical Ave. Cor. Luxembourg St., BF Homes International, Las Pinas City

Tel. No. 8256374 / 252358 Loc. 117/146

Powered by Koha